000
00310nam a22001337a 4500
999
_c
530175
_d
530175
003
NUST
038
_a
waseem
082
_a
813.52
_b
HEL
100
_a
Hell, Lillian
_9
23562
245
_a
An unfinished Women /
_c
Lillian Hell
260
_a
U.S.A :
_b
Penguin Books,
_c
1972.
300
_a
224 p. ;
942
_2
ddc
_c
BK